书目信息 |
| 题名: |
高级英语阅读教程 中
|
|
| 作者: | 蒋永国 主编 | |
| 分册: | 中 | |
| 出版信息: | 上海 上海交通大学出版社 2004.3 |
|
| 页数: | 202页 | |
| 开本: | 23cm | |
| 丛书名: | 21世纪英语专业系列教程 | |
| 单 册: | ||
| 中图分类: | H319.4 | |
| 科图分类: | ||
| 主题词: | 英语--ying yu , 阅读教学--yue du jiao xue , 英语--ying yu--阅读教学--高等学校--教材 | |
| 电子资源: | ||
| ISBN: | 7-313-03592-6 | |
| 000 | 01232nam 2200301 450 | |
| 001 | CAL 012006039838 | |
| 005 | 20061114105504.18 | |
| 010 | @a7-313-03592-6@dCNY17.00 | |
| 100 | @a20061012d2004 em y0chiy0120 ea | |
| 101 | 0 | @achi@aeng |
| 102 | @aCN@b310000 | |
| 105 | @ay z 000yy | |
| 200 | 1 | @a高级英语阅读教程 中@Agao ji ying yu yue du jiao cheng zhong@h中@d= Advanced English@f蒋永国主编@zeng |
| 210 | @a上海@c上海交通大学出版社@d2004.3 | |
| 215 | @a202页@d23cm | |
| 225 | 2 | @a21世纪英语专业系列教程@A21 shi ji ying yu zhuan ye xi lie jiao cheng@f王松年总主编 |
| 308 | @a封面题丛书总主编为: 王松平 | |
| 330 | @a本书共分上中下三册, 共精选短文96篇, 内容涉及中西文化、语言、教育、生活、媒介、历史、妇女问题、科技、人性、哲学、文学等, 每册按主题分为16个单元, 每个单元配有与学习内容相关的阅读理解、词义辨析等练习和思考题。 | |
| 333 | @a阅读对象: 英语专业学生及大学英语研究生和本科生等 | |
| 410 | 0 | @12001 @a21世纪英语专业系列教程 |
| 510 | 1 | @aAdvanced English@zeng |
| 606 | 0 | @a英语@Aying yu |
| 606 | 0 | @a阅读教学@Ayue du jiao xue |
| 606 | 0 | @a英语@Aying yu@x阅读教学@x高等学校@j教材 |
| 690 | @aH319.4@v4 | |
| 701 | 0 | @a蒋永国@Ajiang yong guo@4主编 |
| 801 | 0 | @aCN@c20061114 |
| 905 | @a10447@dH319.4@eJ602 | |
| 高级英语阅读教程 中.中= Advanced English/蒋永国主编.-上海:上海交通大学出版社,2004.3 |
| 202页;23cm.-(21世纪英语专业系列教程/王松年总主编) |
| 使用对象:阅读对象: 英语专业学生及大学英语研究生和本科生等 |
| ISBN 7-313-03592-6:CNY17.00 |
| 本书共分上中下三册, 共精选短文96篇, 内容涉及中西文化、语言、教育、生活、媒介、历史、妇女问题、科技、人性、哲学、文学等, 每册按主题分为16个单元, 每个单元配有与学习内容相关的阅读理解、词义辨析等练习和思考题。 |
| ● |
| 相关链接 |
|
|
|
正题名:高级英语阅读教程 中
索取号:H319.4/J602
 
预约/预借
| 序号 | 登录号 | 条形码 | 馆藏地/架位号 | 状态 | 备注 |
| 1 | 636168 | 206361685 | 语言库209/209语言库 46排1列2层/ [索取号:H319.4/J602] | 在馆 | |
| 2 | 636169 | 206361694 | 语言库209/209语言库 46排1列2层/ [索取号:H319.4/J602] | 在馆 | |
| 3 | 636170 | 206361701 | 语言库209/209语言库 46排1列2层/ [索取号:H319.4/J602] | 在馆 |